00479nam a22001577a 4500020001500000040000900015082002000024100001800044245002700062250001600089260004200105650003400147942001200181999001900193952010900212 a8178085658 cNUST a621.381524bHAY aHaykin, Simon aAdaptive Filter Theory a4th Edition aIndia:bPearson Education Inc,c2002. aAdaptive Filter Theory963570 2ddccBK c609375d609375 00102ddc4070aCEMEbCEMEcGENd2024-05-29l0o621.381524 HAYpCEME- 42174r2024-05-29w2024-05-29yBK